| 000 | 00806cab a2200241 4500 | ||
|---|---|---|---|
| 001 | WB3424-34 | ||
| 008 | 090401t1998 xxu||||| |||| 00| 0 eng d | ||
| 035 | _a(Sirsi) u87040 | ||
| 041 | _aeng | ||
| 245 | _aCar charges off the agenda | ||
| 260 | _c1998 | ||
| 350 | _a0 | ||
| 490 |
_aIndependent _v25 June 1998, 6(1) |
||
| 520 | _aThe Transport minister has announced that motorists will not be charged for driving into congested city centres. The government survey into travel trends identifies giving drivers more public transport options as a priority instead. | ||
| 650 | _aCAR CHARGES | ||
| 650 | _aCITY CENTRES | ||
| 650 | _aPUBLIC TRANSPORT | ||
| 650 | _aTRAFFIC CONGESTION | ||
| 650 | _aTRAVEL TRENDS | ||
| 690 | _aTRANSPORT AND COMMUNICATIONS | ||
| 942 | _n0 | ||
| 948 | _c25/06/1998 | ||
| 999 |
_c54838 _d54838 |
||